| 000 | 00409nam a2200157Ia 4500 | ||
|---|---|---|---|
| 008 | 210716s2019 xx 000 0 und d | ||
| 020 | _a9789386052889 | ||
| 041 | _aeng | ||
| 082 | _a004.6X MCCM | ||
| 100 | _aMccandless, Michael; Hatcher, Erik; Gospodnetic, Otis. | ||
| 245 | _aLucene in action. | ||
| 250 | _a2 | ||
| 260 |
_aNew Delhi _bDreamtech Press _c2019 |
||
| 300 | _axxxviii,488 | ||
| 650 | _aNone | ||
| 999 |
_c197036 _d197036 |
||